[Event "Central America & Caribbean U18"]
[Site "Hotel Continental Panama"]
[Date "2017.08.10"]
[Round "1.11"]
[White "Jimenez, Pedro"]
[Black "Ramirez Gonzalez, Mauricio"]
[Result "1/2-1/2"]
[WhiteElo "1906"]
[BlackElo "2221"]
[PlyCount "132"]
[EventDate "2017.08.10"]
[EventType "swiss"]
[EventRounds "9"]
[EventCountry "PAN"]
[SourceTitle "EXT 2024"]
[Source "ChessBase"]
[SourceDate "2023.10.10"]
[SourceVersion "1"]
[SourceVersionDate "2023.10.10"]
[SourceQuality "1"]

1. f4 d5 2. Nf3 c5 3. b3 Nc6 4. Bb2 Nf6 5. e3 Bg4 6. Be2 e6 7. 0-0 Bd6 8. d3 Qe7 9. Ne5 Bxe2 10. Qxe2 Qc7 11. Nxc6 Qxc6 12. Nd2 0-0-0 13. Nf3 Qc7 14. Ne5 Rhg8 15. c4 Ne8 16. cxd5 f6 17. Qg4 Qe7 18. dxe6 Bxe5 19. fxe5 Nc7 20. exf6 gxf6 21. Qe4 Rg6 22. Rac1 Rdg8 23. Rf2 Kb8 24. Ba3 b6 25. b4 f5 26. Qxf5 Qxe6 27. Qxe6 Rxe6 28. bxc5 Nb5 29. Bb4 Rxe3 30. cxb6 axb6 31. a4 Nd4 32. Bd6+ Ka8 33. Rd1 Ne2+ 34. Kf1 Nc3 35. Rdd2 Rd8 36. Rf8 Rxf8+ 37. Bxf8 Nxa4 38. d4 Kb7 39. d5 Re5 40. d6 Rf5+ 41. Rf2 Rxf2+ 42. Kxf2 b5 43. Ke3 b4 44. Kd3 b3 45. g4 Kc6 46. Be7 Nc5+ 47. Kc3 Ne4+ 48. Kxb3 Nxd6 49. Kc3 Nc8 50. Ba3 Kd5 51. Kd3 Nb6 52. Bb2 Nc4 53. Bg7 Nd6 54. Bf8 Nc4 55. Bg7 Nd6 56. Ke3 Ke6 57. Kf4 Kf7 58. Be5 Nc4 59. h4 Nb6 60. Ba1 Nd7 61. Kg5 Nf8 62. Kh6 Kg8 63. h5 Ne6 64. Bf6 Kf7 65. g5 Kg8 66. Be7 Ng7 1/2-1/2